000
00266nam a2200121Ia 4500
008
190216s9999||||xx |||||||||||||| ||und||
100
_a
Jerom K Jerom
245
4
_a
The Men In A Boat
260
_b
Orient Longman
300
_a
170
650
_a
English
942
_c
BK
999
_c
14197
_d
14197